000 00473nam a22001697a 4500
005 20230520094946.0
008 230520b ||||| |||| 00| 0 eng d
040 _cAL
041 _aEnglish
082 _223
_a543/41
_bBARI
245 _aInorganic chemistry a text book for advanced students
260 _bLongman green and Co Ltd
_c1962
650 _achemistry
_9109894
700 _aBARNETT (E De Barry)
_9109895
700 _aWILSON (C L)
_9109896
942 _2ddc
_cBB
999 _c227320
_d227320